| 000 | 00657nam a2200217Ia 4500 | ||
|---|---|---|---|
| 001 | b3313-25713 [4728] | ||
| 003 | IT-MiCISF | ||
| 008 | 161014s9999||||xx |||||||||||||| ||und|| | ||
| 040 |
_aIT-MiCISF _cIT-MiCISF |
||
| 041 | _ait | ||
| 100 | _aPierlorenzi Claudio | ||
| 245 | 0 |
_aL'alcolismo _bProspettive di ricerca e di intervento |
|
| 250 | _a1a ed. | ||
| 260 |
_a Roma _bNIS _c1994 |
||
| 300 | _app. 159 | ||
| 500 | _a / alcolismo, famiglia, giovani, donna, cura, terapia, psicologia, infanzia, associazioni, recupero, indirizzi / | ||
| 650 | _aemarginazione-devianza | ||
| 700 | _aSenni Alessandro | ||
| 942 | _cBK | ||
| 957 | _71 | ||
| 999 |
_a25713 _bsi _g1 _c214066 _d214066 |
||